000
00214 a2200097 4500
001
2387
100
_a
Sears,WR
245
_a
General Theory of High speed Aerodynamics
260
_a
_b
Oxford
_c
090
_c
1735
_d
1735
942
_a
NUST-CAE
_c
M
_c
8169
999
_c
237460
_d
237460